Estadísticas para Países más cercanos a Vietnam

Haz click aquí para tomar la prueba!

Estadísticas generales

  • Esta prueba ha sido tomada 893 veces
  • La puntuación promedio es 18 de 20

Estadísticas de respuestas

km país % Correcto
0China
99%
725India
97%
0Laos
96%
600Indonesia
95%
0Camboya
94%
104Tailandia
94%
390Malasia
93%
1558Japón
91%
1492Nepal
89%
126Myanmar
89%
2221Corea del Sur
89%
1088Taiwán
88%
945Filipinas
88%
2405Corea del Norte
86%
805Singapur
86%
1131Bután
85%
985Bangladés
84%
2026Mongolia
81%
2439Sri Lanka
80%
956Brunéi
76%

Distribución de puntuación

Porcentaje por número respondido

Porcentaje de gente con cada puntuación

Historial de tus puntuaciones

No has tomado esta prueba